1976 : систематический указатель. Т. 2; Ежегодник книги СССР

Xehetasun bibliografikoak
Parent link:Ежегодник книги СССР: государственный библиографический указатель/ Всесоюзная книжная палата. 1976 : систематический указатель. Т. 2.— , 1946-1992
Hizkuntza:errusiera
Argitaratua: 1979
Gaiak:
Formatua: Liburua
KOHA link:https://koha.lib.tpu.ru/cgi-bin/koha/opac-detail.pl?biblionumber=97066

MARC

LEADER 00000nam2a2200000 4500
001 97066
005 20231031110757.0
035 |a (RuTPU)RU\TPU\book\104039 
035 |a RU\TPU\book\103936 
090 |a 97066 
100 |a 20060523d1979 m y0rusy50 ca 
101 0 |a rus 
102 |a RU 
105 |a y cz 001zy 
200 0 |a 1976 : систематический указатель. Т. 2 
210 |d 1979 
215 |a 973 с. 
320 |a Указ.: с. 645-973 
461 1 |0 (RuTPU)RU\TPU\book\103651  |t Ежегодник книги СССР   |o государственный библиографический указатель  |f Всесоюзная книжная палата  |v 1976 : систематический указатель. Т. 2  |d 1946-1992 
610 1 |a библиографические указатели 
610 1 |a ежегодники 
686 |a Ч755.011  |2 rubbk 
801 1 |a RU  |b 63413507  |c 20060518  |g PSBO 
801 2 |a RU  |b 63413507  |c 20160316  |g PSBO 
942 |c BK